El lenguaje y el entendimiento

Gespeichert in:
Bibliographische Detailangaben
1. Verfasser: Chomsky, Noam
Format: Buch
Sprache:Undetermined
Veröffentlicht: Barcelona, España Seix Barral 1977
Schlagworte:
Tags: Tag hinzufügen
Keine Tags, Fügen Sie den ersten Tag hinzu!

MARC

LEADER 00000nam a2200000Ia 4500
008 170316s9999 xx 000 0 und d
090 |a 410 Ch-7Le 
100 |a Chomsky, Noam 
245 |a El lenguaje y el entendimiento 
260 |a Barcelona, España 
260 |b Seix Barral 
260 |c 1977 
300 |a 317 páginas 
650 |a LINGÜÍSTICA 
999 |c 18328  |d 18328 
040 |a cru BVZT 
942 |c 15 D  |h 410 Ch-7Le  |2 z